[Event "DVM U20 2019"]
[Site "Braunschweig"]
[Date "2019.12.28"]
[Round "3"]
[White "Kololli, Martin"]
[Black "Vuckovic, Zarko"]
[Result "1-0"]
[WhiteElo "2343"]
[BlackElo "2258"]
[Annotator "TA"]
[PlyCount "69"]
[EventDate "2019.12.27"]
[EventType "team-tourn"]
[EventRounds "7"]
[EventCountry "GER"]
[SourceTitle "playchess.com"]
[Source "ChessBase"]
[SourceQuality "1"]
[WhiteTeam "Lübecker SV"]
[BlackTeam "SF Augsburg"]

{[%evp 12,87,17,15,16,25,30,0,0,-11,0,0,27,21,12,11,44,23,51,46,48,39,44,10,7,8,52,0,147,148,135,125,181,168,181,89,86,55,206,179,324,210,244,120,152,141,128,127,120,93,935,931,910,900,849,706,660,561,657,535,656,652,534,0,545,527,709,552,527,0,681,639,869,869,29989,1745,2861,1473]} 1. e4 c5 2. c3 d5 3. exd5 Qxd5 4. d4 g6 5. Nf3 Bg7 6. Be3 cxd4 7. cxd4 Qd8 {B06: Modern Defence} (7... Nf6 8. Nc3 Qd8 9. h3 O-O 10. Bc4 Nc6 11. O-O Na5 12. Be2 Be6 13. Ne5 Nd5 14. Bd2 Rc8 15. Qa4 b6 {1-0 (82) Bosiocic,M (2591)-Adhiban,B (2666) Doha 2016}) 8. Nc3 Nh6 9. Bc4 O-O {The position is equal.} 10. O-O Nf5 11. Qe2 b6 $146 ({Predecessor:} 11... Nc6 12. Rfd1 Nxe3 13. Qxe3 Qb6 14. Nd5 Qxb2 15. Nxe7+ Nxe7 16. Qxe7 {½-½ (34) Tirado,J (2077)-Cardoso,J (1785) Tunja 2018}) 12. Rfe1 Bb7 13. Rad1 Nd7 {[%cal Bb8d7,Bd7f6,Bf6d5][%mdl 32]} 14. Bg5 Nf6 15. Ne5 a6 16. a4 Nd6 17. Bd3 Nd5 18. Ng4 {Nxd5 is the strong threat.} Qd7 19. Ne5 (19. Nxd5 $14 Bxd5 20. Nh6+ (20. Bxe7 $2 Rfe8 $19) 20... Kh8 21. Qxe7) 19... Qe6 (19... Qd8 $11) 20. Qf1 $1 $16 Nxc3 21. bxc3 {Black must now prevent Nxg6.} Qd5 (21... Ne4 $16) 22. Bxe7 $18 {aiming for c4.} Rfe8 23. Bxd6 (23. Bc4 $18 {is more deadly.} Nxc4 24. Nxc4) 23... Qxd6 $16 24. f4 f6 $2 (24... Rac8 $1 $14) 25. Bc4+ $18 Kf8 (25... Bd5 {was called for.}) 26. Ba2 {Threatens to win with Qc4.} Rac8 27. c4 (27. f5 $18 g5 28. Nc4) 27... Rc7 {[#] With the idea ...Qa3.} 28. c5 $1 {[%mdl 512]} bxc5 29. Qc4 $40 {[%mdl 128] Threatening mate with Nxg6+! White attacks with force.} Bd5 30. dxc5 Qe6 $2 {[%mdl 8192]} (30... Qxe5 $16 31. Rxe5 (31. Qxd5 Qxd5 32. Rxe8+ Kxe8 $14) 31... Bxc4 32. Rxe8+ Kxe8 33. Bxc4 Rxc5 34. Bxa6 Ke7) 31. Rxd5 {Nxg6+! would kill now.} fxe5 32. fxe5 Bh6 33. Qd4 {And now Rd8 would win.} Kg7 34. Bc4 Kh8 35. Rd8 {Played: Rd5-d6} 1-0

[Event "DVM U20 2019"]
[Site "Braunschweig"]
[Date "2019.12.28"]
[Round "3"]
[White "Kueppers, Timo"]
[Black "Doll, Alexander"]
[Result "1-0"]
[WhiteElo "2296"]
[BlackElo "2127"]
[Annotator "RC"]
[PlyCount "55"]
[EventDate "2019.12.27"]
[EventType "team-tourn"]
[EventRounds "7"]
[EventCountry "GER"]
[SourceTitle "playchess.com"]
[Source "ChessBase"]
[SourceQuality "1"]
[WhiteTeam "SF Essen-Katernberg"]
[BlackTeam "OSG Baden-Baden"]
[TimeControl "40/5400+30:1800+30"]

1. e4 {[%emt 0:01:08]} e5 {[%emt 0:00:00]} 2. Nf3 {[%emt 0:00:07]} Nc6 {[%emt 0:00:00]} 3. Bb5 {[%emt 0:00:11]} a6 {[%emt 0:00:00]} 4. Ba4 {[%emt 0:00:04]} d6 {[%emt 0:00:00]} 5. O-O {[%emt 0:02:30]} Bg4 {[%emt 0:00:00]} 6. h3 {[%emt 0:01:46]} h5 {[%emt 0:00:00]} 7. d4 {[%emt 0:04:19]} b5 {[%emt 0:00:02]} 8. Bb3 {[%emt 0:00:21]} Nxd4 {[%emt 0:00:03]} 9. hxg4 {[%emt 0:01:00]} Nxb3 {[%emt 0:00:02]} 10. axb3 {[%emt 0:00:20]} hxg4 {[%emt 0:00:02]} 11. Ng5 {[%emt 0:00:08]} Qd7 {[%emt 0:00:06]} 12. c4 {[%emt 0:00:43]} b4 {[%emt 0:02:07]} 13. c5 Ne7 {[%emt 0:18:15]} 14. cxd6 {[%emt 1:00:41]} cxd6 {[%emt 0:01:03]} 15. Nd2 {[%emt 0:00:46]} f6 {[%emt 0:13:30]} 16. Nc4 {[%emt 0:00:23]} Nc8 {[%emt 0:00:12]} 17. Qd5 {[%emt 0:00:49]} Rb8 {[%emt 0:00:08]} 18. Ne6 {[%emt 0:07:43]} Qf7 {[%emt 0:01:52]} 19. Re1 {[%emt 0:03:05]} Qh5 {[%emt 0:04:07]} 20. Kf1 {[%emt 0:00:25]} Qh1+ {[%emt 0:00:52]} 21. Ke2 {[%emt 0:00:05]} Qxg2 {[%emt 0:00:06]} 22. Be3 {[%emt 0:00:57]} Qf3+ {[%emt 0:01:51]} 23. Kd2 {[%emt 0:00:20]} Rh2 {[%emt 0:01:09]} 24. Nc7+ {[%emt 0:05:57]} Ke7 {[%emt 0:04:01]} 25. Nxa6 {[%emt 0:01:59]} Rxf2+ {[%emt 0:02:48]} 26. Bxf2 {[%emt 0:00:59]} Qxf2+ {[%emt 0:00:15]} 27. Re2 {[%emt 0:00:10]} Qf4+ {[%emt 0:00:49]} 28. Kc2 {[%emt 0:00:15] normal} 1-0

[Event "DVM U20 2019"]
[Site "Braunschweig"]
[Date "2019.12.28"]
[Round "3"]
[White "Sieber, Fiona"]
[Black "Geltz, Noah"]
[Result "0-1"]
[WhiteElo "2277"]
[BlackElo "2054"]
[Annotator "RC"]
[PlyCount "108"]
[EventDate "2019.12.27"]
[EventType "team-tourn"]
[EventRounds "7"]
[EventCountry "GER"]
[SourceTitle "playchess.com"]
[Source "ChessBase"]
[SourceQuality "1"]
[WhiteTeam "SG Aufbau Elbe Magdeburg"]
[BlackTeam "SF HN-Biberach"]
[TimeControl "40/5400+30:1800+30"]

1. e4 {[%emt 0:00:00]} e5 {[%emt 0:00:00]} 2. Nf3 {[%emt 0:00:00]} Nc6 {[%emt 0:00:00]} 3. Bb5 {[%emt 0:00:00]} Nf6 {[%emt 0:00:00]} 4. O-O {[%emt 0:00:00]} Nxe4 {[%emt 0:00:12]} 5. d4 {[%emt 0:00:07]} Nd6 {[%emt 0:00:17]} 6. Bxc6 {[%emt 0:00:05]} dxc6 {[%emt 0:00:09]} 7. dxe5 {[%emt 0:00:03]} Nf5 {[%emt 0:00:20]} 8. Qxd8+ {[%emt 0:00:05]} Kxd8 {[%emt 0:00:09]} 9. Nc3 {[%emt 0:00:03]} Be7 {[%emt 0:01:03]} 10. h3 {[%emt 0:03:54]} Nh4 {[%emt 0:00:16]} 11. Ng5 {[%emt 0:01:43]} Ke8 {[%emt 0:00:20]} 12. Nge4 {[%emt 0:05:46]} Nf5 {[%emt 0:11:34]} 13. Rd1 {[%emt 0:11:29]} h5 {[%emt 0:00:32]} 14. Bg5 {[%emt 0:00:48]} h4 {[%emt 0:09:45]} 15. Rd3 {[%emt 0:02:43]} Rh5 {[%emt 0:08:01]} 16. f4 {[%emt 0:10:45]} Bxg5 {[%emt 0:07:25]} 17. Nxg5 {[%emt 0:01:28]} Ng3 {[%emt 0:04:11]} 18. Kf2 {[%emt 0:04:22]} Bf5 {[%emt 0:02:30]} 19. Rd2 {[%emt 0:01:38]} Rh8 {[%emt 0:01:36]} 20. Rad1 {[%emt 0:14:10]} b5 {[%emt 0:21:48]} 21. Ke3 {[%emt 0:08:08]} Ke7 {[%emt 0:02:31]} 22. Nce4 {[%emt 0:04:03]} Nxe4 {[%emt 0:02:44]} 23. Nxe4 {[%emt 0:01:30]} Rab8 {[%emt 0:04:32]} 24. Nc5 {[%emt 0:03:56]} Rh6 {[%emt 0:02:09]} 25. Nb3 {[%emt 0:05:26]} Rg6 {[%emt 0:02:48]} 26. Nd4 {[%emt 0:00:24]} Rg3+ {[%emt 0:00:25]} 27. Nf3 {[%emt 0:00:08]} Rh8 {[%emt 0:01:34]} 28. Kf2 {[%emt 0:01:32]} Rg6 {[%emt 0:00:48]} 29. b4 {[%emt 0:00:17]} Be6 {[%emt 0:03:23]} 30. c3 {[%emt 0:01:47]} Bd5 {[%emt 0:01:23]} 31. f5 {[%emt 0:01:20]} Rg3 {[%emt 0:01:19]} 32. Rd4 {[%emt 0:03:18]} Rh5 {[%emt 0:00:21]} 33. Rf4 {[%emt 0:08:15]} Bxf3 {[%emt 0:00:30]} 34. gxf3 {[%emt 0:00:27]} Rxh3 {[%emt 0:00:26]} 35. Ke3 {[%emt 0:01:58]} Rh2 {[%emt 0:00:55]} 36. Rfd4 {[%emt 0:04:06]} Rxf5 {[%emt 0:02:21]} 37. f4 {[%emt 0:00:31]} g5 {[%emt 0:01:19]} 38. fxg5 {[%emt 0:00:15]} Rxg5 {[%emt 0:00:34]} 39. Kf4 {[%emt 0:01:22]} Rhg2 {[%emt 0:02:24]} 40. Rd7+ {[%emt 0:00:39]} Ke6 {[%emt 0:00:20]} 41. Rxc7 {[%emt 0:31:13]} R5g4+ {[%emt 0:31:24]} 42. Kf3 {[%emt 0:00:00]} R2g3+ {[%emt 0:00:00]} 43. Kf2 {[%emt 0:00:00]} Rxc3 {[%emt 0:00:00]} 44. Rd6+ {[%emt 0:00:00]} Kxe5 {[%emt 0:00:00]} 45. Rdxc6 {[%emt 0:00:00]} Rxc6 {[%emt 0:00:00]} 46. Rxc6 {[%emt 0:00:00]} Rxb4 {[%emt 0:00:00]} 47. Rc7 {[%emt 0:00:00]} Rb2+ {[%emt 0:00:00]} 48. Ke3 {[%emt 0:00:00]} h3 {[%emt 0:00:00]} 49. Rxf7 {[%emt 0:00:00]} h2 {[%emt 0:00:00]} 50. Rh7 {[%emt 0:00:00]} Rxa2 {[%emt 0:00:00]} 51. Rh5+ {[%emt 0:00:00]} Kf6 {[%emt 0:00:00]} 52. Kf4 {[%emt 0:00:00]} b4 {[%emt 0:00:00]} 53. Kg3 {[%emt 0:00:00]} b3 {[%emt 0:00:00]} 54. Rh6+ {[%emt 0:00:00]} Kg7 {[%emt 0:00:00] normal} 0-1

[Event "DVM U20 2019"]
[Site "Braunschweig"]
[Date "2019.12.28"]
[Round "3"]
[White "Holinka, Henning"]
[Black "Fluechter, Gregor"]
[Result "1-0"]
[WhiteElo "2233"]
[BlackElo "2174"]
[Annotator "ChessBase"]
[PlyCount "88"]
[EventDate "2019.12.27"]
[EventType "team-tourn"]
[EventRounds "7"]
[EventCountry "GER"]
[SourceTitle "playchess.com"]
[Source "ChessBase"]
[SourceQuality "1"]
[WhiteTeam "Hamburger SK"]
[BlackTeam "SF Brackel"]
[TimeControl "40/5400+30:1800+30"]

1. e4 {[%emt 0:00:00]} c5 {[%emt 0:00:00]} 2. Nf3 {[%emt 0:00:00]} Nc6 {[%emt 0:00:00]} 3. d4 {[%emt 0:00:00]} cxd4 {[%emt 0:00:00]} 4. Nxd4 {[%emt 0:00:00]} e5 {[%emt 0:00:00]} 5. Nb5 {[%emt 0:00:04]} a6 {[%emt 0:00:01]} 6. Nd6+ {[%emt 0:00:07]} Bxd6 {[%emt 0:00:03]} 7. Qxd6 {[%emt 0:00:07]} Qe7 {[%emt 0:00:04]} 8. Qd1 {[%emt 0:00:31]} Nf6 {[%emt 0:00:08]} 9. Nc3 {[%emt 0:01:00]} d6 {[%emt 0:00:08]} 10. Bg5 {[%emt 0:01:09]} Be6 {[%emt 0:00:09]} 11. Nd5 {[%emt 0:01:51]} Bxd5 {[%emt 0:00:08]} 12. exd5 {[%emt 0:00:09]} Nb8 {[%emt 0:00:05]} 13. Be2 {[%emt 0:07:44]} O-O {[%emt 0:00:18]} 14. O-O {[%emt 0:04:56]} h6 {[%emt 0:00:33]} 15. Be3 {[%emt 0:00:40]} Nbd7 {[%emt 0:01:30]} 16. c4 {[%emt 0:05:30]} Rfb8 {[%emt 0:00:44]} 17. a4 {[%emt 0:09:32]} a5 {[%emt 0:00:29]} 18. Qb3 {[%emt 0:21:01]} b6 {[%emt 0:12:19]} 19. Rae1 {[%emt 0:03:30]} Nc5 {[%emt 0:03:03]} 20. Qa3 {[%emt 0:01:57]} Qd7 {[%emt 0:08:27]} 21. Bd1 {[%emt 0:01:12]} Ng4 {[%emt 0:16:02]} 22. Bd2 {[%emt 0:04:51]} f5 {[%emt 0:02:52]} 23. h3 {[%emt 0:03:03]} Nf6 {[%emt 0:00:15]} 24. f4 {[%emt 0:01:32]} e4 {[%emt 0:25:01]} 25. Be3 {[%emt 0:03:32]} Nd3 {[%emt 0:11:51]} 26. Re2 {[%emt 0:00:46]} Kh7 {[%emt 0:10:14]} 27. Bc2 {[%emt 0:10:18]} Nc5 {[%emt 0:00:19]} 28. b3 {[%emt 0:05:07]} Rg8 {[%emt 0:00:38]} 29. Qa1 {[%emt 0:01:19]} Raf8 {[%emt 0:00:33]} 30. Ref2 {[%emt 0:01:44]} Qe7 {[%emt 0:01:24]} 31. Qc3 {[%emt 0:01:20]} Nfd7 {[%emt 0:00:42]} 32. Kh2 {[%emt 0:01:33]} Rf7 {[%emt 0:02:33]} 33. Bd4 {[%emt 0:04:44]} Rff8 {[%emt 0:02:18]} 34. g4 {[%emt 0:02:08]} g6 {[%emt 0:01:38]} 35. Qg3 {[%emt 0:01:45]} Re8 {[%emt 0:01:16]} 36. Re2 {[%emt 0:01:03]} Qf7 {[%emt 0:00:55]} 37. Re3 {[%emt 0:01:32]} Rgf8 {[%emt 0:01:09]} 38. Bd1 {[%emt 0:00:54]} Rg8 {[%emt 0:00:31]} 39. Qh4 {[%emt 0:00:37]} Nd3 {[%emt 0:00:35]} 40. Rg3 {[%emt 0:00:31]} N3c5 {[%emt 0:00:31]} 41. gxf5 {[%emt 0:03:40]} Qxf5 {[%emt 0:07:22]} 42. Rg5 {[%emt 0:04:10]} Qf7 {[%emt 0:03:07]} 43. f5 {[%emt 0:00:49]} Qe7 {[%emt 0:01:02]} 44. fxg6+ {[%emt 0:01:42]} Rxg6 {[%emt 0:00:08] normal} 1-0

[Event "DVM U20 2019"]
[Site "Braunschweig"]
[Date "2019.12.28"]
[Round "3"]
[White "Schneider, Jana"]
[Black "Meiwes, Thore"]
[Result "1-0"]
[WhiteElo "2210"]
[BlackElo "2106"]
[Annotator "RC"]
[PlyCount "93"]
[EventDate "2019.12.27"]
[EventType "team-tourn"]
[EventRounds "7"]
[EventCountry "GER"]
[SourceTitle "playchess.com"]
[Source "ChessBase"]
[SourceQuality "1"]
[WhiteTeam "SC Bavaria Regensburg"]
[BlackTeam "SK Lehrte 1919"]
[TimeControl "40/5400+30:1800+30"]

1. e4 {[%emt 0:00:00]} c5 {[%emt 0:00:00]} 2. Nf3 {[%emt 0:00:00]} Nc6 {[%emt 0:00:00]} 3. d4 {[%emt 0:00:56]} cxd4 {[%emt 0:00:00]} 4. Nxd4 {[%emt 0:00:07]} Nf6 {[%emt 0:00:00]} 5. Nc3 {[%emt 0:00:07]} g6 {[%emt 0:00:00]} 6. Be3 {[%emt 0:00:32]} Bg7 {[%emt 0:00:03]} 7. f3 {[%emt 0:05:20]} O-O {[%emt 0:00:15]} 8. Qd2 {[%emt 0:00:24]} d5 {[%emt 0:00:09]} 9. O-O-O {[%emt 0:11:08]} dxe4 {[%emt 0:00:55]} 10. Nxc6 {[%emt 0:07:37]} Qxd2+ {[%emt 0:00:09]} 11. Bxd2 {[%emt 0:01:39]} bxc6 {[%emt 0:00:06]} 12. Nxe4 {[%emt 0:00:34]} Nxe4 {[%emt 0:00:13]} 13. fxe4 {[%emt 0:00:05]} Be6 {[%emt 0:01:42]} 14. Be3 {[%emt 0:06:18]} a5 {[%emt 0:06:19]} 15. a4 {[%emt 0:05:47]} Rab8 {[%emt 0:03:53]} 16. b3 {[%emt 0:00:20]} c5 {[%emt 0:00:52]} 17. Bb5 {[%emt 0:07:47]} Rfc8 {[%emt 0:03:02]} 18. c4 {[%emt 0:00:30]} Be5 {[%emt 0:02:02]} 19. Kc2 {[%emt 0:07:11]} f6 {[%emt 0:02:21]} 20. Bd7 {[%emt 0:01:18]} Bxd7 {[%emt 0:00:15]} 21. Rxd7 {[%emt 0:00:01]} Kf8 {[%emt 0:03:49]} 22. Ra7 {[%emt 0:05:11]} Bd4 {[%emt 0:01:36]} 23. Bxd4 {[%emt 0:01:43]} cxd4 {[%emt 0:00:08]} 24. Rxa5 {[%emt 0:00:36]} Ra8 {[%emt 0:01:28]} 25. Rxa8 {[%emt 0:00:42]} Rxa8 {[%emt 0:00:06]} 26. Kd3 {[%emt 0:00:51]} e5 {[%emt 0:00:07]} 27. c5 {[%emt 0:00:51]} Ke7 {[%emt 0:00:17]} 28. g4 {[%emt 0:01:42]} Ke6 {[%emt 0:01:13]} 29. Rf1 {[%emt 0:01:32]} Rb8 {[%emt 0:01:45]} 30. Kc4 {[%emt 0:00:21]} Rd8 {[%emt 0:00:20]} 31. Rf3 {[%emt 0:01:18]} f5 {[%emt 0:01:36]} 32. gxf5+ {[%emt 0:00:48]} gxf5 {[%emt 0:00:06]} 33. Rxf5 {[%emt 0:08:37]} d3 {[%emt 0:00:24]} 34. Rf1 {[%emt 0:00:06]} Rd4+ {[%emt 0:00:21]} 35. Kc3 {[%emt 0:00:05]} Rxe4 {[%emt 0:00:36]} 36. Kxd3 {[%emt 0:02:33]} Kd5 {[%emt 0:00:29]} 37. Rc1 {[%emt 0:01:59]} Rd4+ {[%emt 0:04:53]} 38. Ke3 {[%emt 0:00:06]} Rb4 {[%emt 0:01:03]} 39. c6 {[%emt 0:02:09]} Rxb3+ {[%emt 0:00:06]} 40. Kd2 {[%emt 0:00:37]} Rb8 {[%emt 0:00:54]} 41. c7 {[%emt 0:30:31]} Rc8 {[%emt 0:30:03]} 42. Ke3 {[%emt 0:00:06]} Ke6 {[%emt 0:00:26]} 43. Ke4 {[%emt 0:00:18]} Kd7 {[%emt 0:00:13]} 44. h4 {[%emt 0:00:32]} h5 {[%emt 0:00:31] normal} 45. a5 {[%emt 0:00:52]} Kd6 {[%emt 0:00:10] normal} 46. a6 {[%emt 0:00:17]} Kd7 {[%emt 0:00:33]} 47. a7 {[%emt 0:00:07] normal} 1-0

[Event "DVM U20 2019"]
[Site "Braunschweig"]
[Date "2019.12.28"]
[Round "3"]
[White "Wendler, David"]
[Black "Joeres, Stefan"]
[Result "0-1"]
[WhiteElo "2204"]
[BlackElo "2201"]
[Annotator "TA"]
[PlyCount "24"]
[EventDate "2019.12.27"]
[EventType "team-tourn"]
[EventRounds "7"]
[EventCountry "GER"]
[SourceTitle "playchess.com"]
[Source "ChessBase"]
[SourceQuality "1"]
[WhiteTeam "SK Bebenhausen"]
[BlackTeam "Karlsruher SF"]

{[%evp 14,46,55,18,41,30,14,-358,-357,-400,-411,-432,-431,-642,-620,-556,-525,-518,-490,-492,-506,-568,-562,-567,-551,-586,-596,-608,-591,-649,-639,-647,-653,-663,-653]} 1. e4 c5 2. Nf3 e6 3. d4 cxd4 4. Nxd4 Nc6 5. Nc3 Qc7 6. g3 a6 7. Bg2 Nge7 8. O-O Nxd4 {B47: Sicilian: Taimanov: 5 Nc3 Qc7 6 f4, 6 g3 and 6 Be2} 9. Qxd4 Nc6 10. Bf4 $146 {[%mdl 8192] [#]} (10. Qe3 $11 {and White is okay.}) ({Predecessor:} 10. Qd2 Be7 11. b3 O-O 12. Bb2 d6 13. Nd1 a5 14. c4 a4 15. Nc3 Qa5 16. Rab1 {½-½ (35) Yemelin,V (2559)-Kulaots,K (2571) Finland 2018}) 10... Qxf4 $1 $19 {Black is winning.} ({Weaker is} 10... Nxd4 11. Bxc7 Nb5 12. Nxb5 $16) 11. Qd3 Qc7 12. Rfe1 Ne5 {Played: Bf8-c5} 0-1

[Event "DVM U20 2019"]
[Site "Braunschweig"]
[Date "2019.12.28"]
[Round "3"]
[White "Stelmaszyk, Nico"]
[Black "Goldbeck, Lars"]
[Result "1/2-1/2"]
[WhiteElo "2193"]
[BlackElo "2312"]
[Annotator "NA"]
[PlyCount "84"]
[EventDate "2019.12.27"]
[EventType "team-tourn"]
[EventRounds "7"]
[EventCountry "GER"]
[SourceTitle "playchess.com"]
[Source "ChessBase"]
[SourceQuality "1"]
[WhiteTeam "SK Lehrte 1919"]
[BlackTeam "SC Bavaria Regensburg"]
[TimeControl "40/5400+30:1800+30"]

{[%evp 18,84,0,-27,-9,-10,0,0,34,34,38,39,35,35,74,32767,32767,32767,32767,32767,32767,32767,32767,0,0,-2,0,32767,0,32767,52,32767,32767,-15,32767,0,-14,0,0,0,32767,32767,49,0,30,-25,-31,-39,-20,-34,-15,32767,32767,32767,32767,-100,-89,-100,-81,-108,-102,-103,32767,-106,30,-224,-231,-210,-52]} 1. e4 {[%emt 0:00:00]} c6 {[%emt 0:00:00]} 2. d4 {[%emt 0:00:00]} d5 {[%emt 0:00:00]} 3. exd5 {[%emt 0:00:00]} cxd5 {[%emt 0:00:00]} 4. c4 {[%emt 0:00:00]} Nf6 {[%emt 0:00:00]} 5. Nc3 {[%emt 0:00:00]} Nc6 {[%emt 0:00:00]} 6. Bg5 {[%emt 0:00:04] unterminated} Be6 {[%emt 0:03:25]} 7. Nf3 {[%emt 0:00:09]} g6 {[%emt 0:00:48] unterminated} 8. Bxf6 {[%emt 0:01:56]} exf6 {[%emt 0:00:03]} 9. c5 {[%emt 0:00:07] unterminated} Bh6 {[%emt 0:07:32] unterminated unterminated. B13: Caro-Kann: Exchange Variation and Panov-Botvinnik Attack} (9... Bg7 10. Bb5 O-O 11. O-O Bg4 12. Bxc6 bxc6 13. h3 Bxf3 14. Qxf3 Rb8 15. b3 f5 16. Rfd1 Qh4 17. Ne2 {½-½ (47) Romanov,E (2626)-Volkov,S (2645) St Petersburg 2017}) 10. Bd3 {[%emt 0:06:47]} O-O {[%emt 0:00:20]} 11. O-O {[%emt 0:00:10] unterminated} Qd7 {[%emt 0:04:30] unterminated} 12. Rb1 {[%emt 0:03:58] unterminated} Rad8 {[%emt 0:15:43] unterminated} 13. b4 {[%emt 0:06:18] unterminated} a6 $146 {[%emt 0:02:19]} ({Predecessor:} 13... Bg4 14. Be2 Bf4 15. b5 Ne7 16. Re1 Bb8 17. Nd2 {0-1 (35) Schwierskott,M (2107)-Osmanodja,F (2245) Tegernsee 2017}) 14. a4 {[%emt 0:00:25] unterminated} Bg4 {[%emt 0:08:25] unterminated} 15. Be2 $1 {[%emt 0:01:44] unterminated} a5 {[%emt 0:02:49] unterminated} 16. bxa5 {[%emt 0:15:16]} Nxa5 {[%emt 0:00:14] unterminated} 17. h3 {[%emt 0:00:43] unterminated} Be6 {[%emt 0:03:52] unterminated} 18. Rb5 {[%emt 0:03:21] unterminated} Ra8 {[%emt 0:00:24]} 19. Rb6 {[%emt 0:01:03] unterminated} Bf4 {[%emt 0:01:39] unterminated} 20. Re1 {[%emt 0:10:46] unterminated} Kg7 {[%emt 0:03:17] unterminated} 21. Nd2 {[%emt 0:10:07] unterminated} Bc7 {[%emt 0:08:42] unterminated} 22. Rb5 {[%emt 0:01:24] unterminated} Rfd8 {[%emt 0:02:05] unterminated} 23. Nf1 {[%emt 0:01:26] unterminated} Nc6 {[%emt 0:07:17] unterminated} 24. Bf3 {[%emt 0:04:50]} Ba5 {[%emt 0:00:34] unterminated} 25. Re3 {[%emt 0:00:41] unterminated} f5 {[%emt 0:02:17] unterminated} 26. Ne2 {[%emt 0:01:55] unterminated} Bc7 {[%emt 0:03:25] unterminated} 27. Reb3 {[%emt 0:03:03]} Ra7 {[%emt 0:01:01] unterminated} 28. Nc3 {[%emt 0:03:16] unterminated} Na5 {[%emt 0:04:31] unterminated} 29. Rb1 {[%emt 0:02:18] unterminated} Nc4 {[%emt 0:02:15]} 30. Qb3 {[%emt 0:00:44] unterminated} g5 {[%emt 0:01:49] unterminated} 31. Nd1 {[%emt 0:11:52] unterminated} ({White should try} 31. Qd1 $14) 31... f4 {[%emt 0:05:31] unterminated} 32. Qc3 {[%emt 0:03:03] unterminated} ({Wrong is} 32. Rxb7 $2 Rxb7 33. Qxb7 Rb8 $19) 32... Qc8 {[%emt 0:02:17]} 33. Be2 {[%emt 0:00:36] unterminated} f6 {[%emt 0:02:23]} 34. Bxc4 {[%emt 0:00:46]} dxc4 {[%emt 0:00:01]} 35. Nb2 {[%emt 0:00:24]} Bd5 {[%emt 0:01:00] unterminated} 36. Nxc4 {[%emt 0:01:25] unterminated} Rxa4 {[%emt 0:00:34] unterminated} 37. Nb6 {[%emt 0:02:39]} Bxb6 $1 {[%emt 0:00:01] Pin} 38. Rxb6 {[%emt 0:00:08] [#] unterminated} Bc6 $1 {[%emt 0:00:54]} 39. R6b4 {[%emt 0:00:49] unterminated} Rxb4 {[%emt 0:01:27] unterminated} 40. Rxb4 {[%emt 0:00:28]} f3 {[%emt 0:01:37] unterminated} ({Black should try} 40... h5 $17) 41. gxf3 $2 {[%emt 0:11:44] unterminated} (41. g4 $11) 41... Qxh3 {[%emt 0:01:58] unterminated} 42. Ng3 {[%emt 0:03:39] [#] unterminated} Qe6 $15 {[%emt 0:04:45] normal} ({Black should play} 42... Re8 $1 $19 43. Rb1 g4) 1/2-1/2

[Event "DVM U20 2019"]
[Site "Braunschweig"]
[Date "2019.12.28"]
[Round "3"]
[White "Thomsen, Phil"]
[Black "Yankelevich, Michael"]
[Result "0-1"]
[WhiteElo "2147"]
[BlackElo "2064"]
[Annotator "RC"]
[PlyCount "70"]
[EventDate "2019.12.27"]
[EventType "team-tourn"]
[EventRounds "7"]
[EventCountry "GER"]
[SourceTitle "playchess.com"]
[Source "ChessBase"]
[SourceQuality "1"]
[WhiteTeam "Sges Bensheim"]
[BlackTeam "SG Trier"]
[TimeControl "40/5400+30:1800+30"]

1. e4 {[%emt 0:00:00]} c5 {[%emt 0:00:00]} 2. Nf3 {[%emt 0:00:00]} Nc6 {[%emt 0:00:00]} 3. d4 {[%emt 0:00:00]} cxd4 {[%emt 0:00:00]} 4. Nxd4 {[%emt 0:00:00]} e5 {[%emt 0:00:00]} 5. Nb5 {[%emt 0:00:00]} a6 {[%emt 0:00:00]} 6. Nd6+ {[%emt 0:00:02]} Bxd6 {[%emt 0:00:00]} 7. Qxd6 {[%emt 0:00:06]} Qe7 {[%emt 0:00:00]} 8. Qd2 {[%emt 0:02:43]} Nf6 {[%emt 0:00:19]} 9. Nc3 {[%emt 0:00:14]} Nd4 {[%emt 0:01:24]} 10. Bd3 {[%emt 0:05:10]} O-O {[%emt 0:01:45]} 11. O-O {[%emt 0:02:47]} b5 {[%emt 0:02:59]} 12. Nd5 {[%emt 0:03:20]} Nxd5 {[%emt 0:02:36]} 13. exd5 {[%emt 0:03:12]} d6 {[%emt 0:00:13]} 14. Re1 {[%emt 0:09:11]} Qf6 {[%emt 0:02:05]} 15. c3 {[%emt 0:09:52]} Nf5 {[%emt 0:00:40]} 16. b3 {[%emt 0:00:37]} Ne7 {[%emt 0:01:13]} 17. Bb2 {[%emt 0:09:47]} Bf5 {[%emt 0:02:23]} 18. Rac1 {[%emt 0:06:13]} Qg6 {[%emt 0:02:42]} 19. Re3 {[%emt 0:06:53]} Bxd3 {[%emt 0:00:19]} 20. Rxd3 {[%emt 0:03:02]} Rac8 {[%emt 0:00:41]} 21. Ba3 {[%emt 0:02:28]} Rfd8 {[%emt 0:01:42]} 22. Bb4 {[%emt 0:10:25]} Nf5 {[%emt 0:02:49]} 23. Ra1 {[%emt 0:02:27]} Re8 {[%emt 0:03:44]} 24. a4 {[%emt 0:02:05]} bxa4 {[%emt 0:01:32]} 25. Rxa4 {[%emt 0:01:26]} Nh4 {[%emt 0:00:31]} 26. f3 {[%emt 0:03:10]} Nxg2 {[%emt 0:00:32]} 27. Kh1 {[%emt 0:02:48]} Nf4 {[%emt 0:04:17]} 28. Re3 {[%emt 0:00:04]} Qb1+ {[%emt 0:00:22]} 29. Re1 {[%emt 0:00:27]} Qxb3 {[%emt 0:00:12]} 30. Rxa6 {[%emt 0:01:02]} Nxd5 {[%emt 0:02:13]} 31. Bxd6 {[%emt 0:02:52]} e4 {[%emt 0:03:40] normal} 32. fxe4 {[%emt 0:02:10]} Nxc3 {[%emt 0:00:13] normal} 33. Ra3 {[%emt 0:01:46] normal} Nxe4 {[%emt 0:01:50] normal} 34. Qd4 {[%emt 0:04:53] normal} Qb7 {[%emt 0:00:39] normal} 35. Kg1 {[%emt 0:00:32]} Nxd6 {[%emt 0:00:10] normal} 0-1